000 00697nam a2200289Ia 4500
005 20260324142040.0
008 008 260324s9999 xx 000 0 eng d
020 _a9780203482841
037 _aEBOOK
040 _aCRL
040 _beng
040 _cCRL
041 _2eng
041 _aeng
084 _qCRL
100 _aMary Haour-Knipe; the late Richard Rector
_91210493
245 0 _aCrossing Borders
245 0 _bMigration, Ethnicity and AIDS
260 _bTaylor and Francis
260 _c1996
365 _a
365 _b74.99
856 _uhttp://www.taylorfrancis.com/books/9780203482841
942 _cEBOOK
999 _c1814240
_d1814240